| 000 | 00867nam a2200229Ii 4500 | ||
|---|---|---|---|
| 003 | JO-AjNU | ||
| 008 | 230605s9999||||xx |||||||||||||| ||und|| | ||
| 017 | _a1985/4507 | ||
| 020 | _a977-04-179-X | ||
| 040 |
_aJO-AjNU _bara _erda _cJO-AjNU |
||
| 041 | _aara | ||
| 050 | 1 | 4 | _aKRM3586.1985 |
| 100 | 3 |
_a سلامة، أحمد عبد الكريم , _eauthor _947144 |
|
| 245 | 0 | 0 | _aالدعوى المدنية الناشئة عن جريمة بين قانون العقوبات الدولى والقانون الولى الخاص " دراسة تأصيلية مقارنة " |
| 250 | _a(د،ط) | ||
| 264 | 3 | 1 | _aالقاهرة : دار النهضة العربية ، 1985 |
| 300 | _a363ص | ||
| 336 |
_atext _btxt _2rdacontent |
||
| 337 |
_aunmediated _bn _2rdamedia |
||
| 338 |
_avolume _bnc _2rdacarrier |
||
| 650 | 4 |
_aالدعوى -- قوانين -- مصر _947145 |
|
| 999 |
_aA20559 _c24127 _d24127 |
||